Fundamentals of petroleum refining / (Record no. 13714)
[ view plain ]
| 000 -LEADER | |
|---|---|
| fixed length control field | 00785nam a22001937a 4500 |
| 008 - FIXED-LENGTH DATA ELEMENTS--GENERAL INFORMATION | |
| fixed length control field | 100316t xxu||||| |||| 00| 0 eng d |
| 020 ## - INTERNATIONAL STANDARD BOOK NUMBER | |
| International Standard Book Number | 9780444527851 |
| 082 ## - DEWEY DECIMAL CLASSIFICATION NUMBER | |
| Edition number | 22 |
| Classification number | 665.53 |
| Item number | FAH |
| 100 ## - MAIN ENTRY--PERSONAL NAME | |
| Personal name | Fahim, Mohamed A. |
| 9 (RLIN) | 12823 |
| 245 ## - TITLE STATEMENT | |
| Title | Fundamentals of petroleum refining / |
| Statement of responsibility, etc | Mohamed A. Fahim, Taher A. Alsahhaf, and Amal Elkilani. |
| 260 ## - PUBLICATION, DISTRIBUTION, ETC. (IMPRINT) | |
| Place of publication, distribution, etc | Amsterdam : |
| Name of publisher, distributor, etc | Elsevier, |
| Date of publication, distribution, etc | c2010. |
| 300 ## - PHYSICAL DESCRIPTION | |
| Extent | xvi, 496 p. : |
| Other physical details | ill. ; |
| Dimensions | 23 cm. |
| 500 ## - GENERAL NOTE | |
| General note | Includes bibliographical references and index. |
| 650 ## - SUBJECT ADDED ENTRY--TOPICAL TERM | |
| Topical term or geographic name as entry element | Petroleum -- Refining. |
| 9 (RLIN) | 12824 |
| 700 ## - ADDED ENTRY--PERSONAL NAME | |
| Personal name | Alsahhaf, Taher A. |
| 9 (RLIN) | 12825 |
| 700 ## - ADDED ENTRY--PERSONAL NAME | |
| Personal name | Elkilani, Amal. |
| 9 (RLIN) | 12826 |
| 942 ## - ADDED ENTRY ELEMENTS (KOHA) | |
| Source of classification or shelving scheme | Dewey Decimal Classification |
| Item type | Book - Borrowing |
| Withdrawn status | Item status | Source of classification or shelving scheme | Damaged status | Not for loan | Vendor | Home library | Current library | Shelving location | Date acquired | Source of acquisition | Cost, normal purchase price | Serial Enumeration / chronology | Total Checkouts | Total Renewals | Full call number | Barcode | Date last seen | Date last borrowed | Koha item type |
|---|---|---|---|---|---|---|---|---|---|---|---|---|---|---|---|---|---|---|---|
| Dewey Decimal Classification | Alahram | Central Library | Central Library | First floor | 16/03/2010 | 1429.50 | 28 | 6 | 41 | 665.53 FAH | 000019821 | 15/07/2025 | 28/07/2016 | Book - Borrowing |